000 00216nam a2200097Ia 4500
008 240331s9999 xx 000 0 und d
082 _bPEN
100 _aMWRAF. ed
245 0 _aPenkalum thodarpu udakangalum
942 _cL
999 _c3614
_d3614